El lado positivo del fracaso /
Guardado en:
| Autor Principal: | |
|---|---|
| Formato: | Libro |
| Publicado: |
Miami :
Caribe,
2000
|
| Materias: | |
| Etiquetas: |
Agregar Etiqueta
Sin Etiquetas, Sea el primero en etiquetar este registro!
|
| LEADER | 00561nam a22002175a 4500 | ||
|---|---|---|---|
| 001 | CEM.cems013949 | ||
| 008 | 130507s2000##################000#0#####d | ||
| 005 | 20210705092703.0 | ||
| 003 | CEMS | ||
| 245 | 1 | 0 | |a El lado positivo del fracaso / |c John C. Maxwell |
| 260 | |a Miami : |b Caribe, |c 2000 | ||
| 300 | |a 130 p. | ||
| 590 | |a 1087.013 | ||
| 020 | |a 0881135887 | ||
| 100 | 1 | |a Maxwell, John C. | |
| 653 | |a Sociología | ||
| 653 | |a Fracaso | ||
| 653 | |a Exito | ||
| 653 | |a Resiliencia | ||
| 653 | |a Biblioteca TC | ||
| 859 | |a CEMS |b BIB. CEMS - 11 de abril |h TC |p 1087.013 |t Ej.1 | ||
